000 00427nam a2200169 a 4500
001 0000-9237
003 ELIB.Books
008 110520 1971
035 _a(ELIB.Books)0000-9389
082 _aR
_bLai
100 _aLaird, Charlton
245 _aWebster's New World Thesaurus
260 _bNew York: New American Library
_c1971
650 _aReference
942 _2ddc
_cBK
998 _cbat
_e2011-05-20
999 _c9237
_d9237